000 00515nam a2200157Ia 4500
008 090124s9999 xx 000 0 und d
082 _b34492
245 _a श्री समर्थ चरित्र
250 _a3
260 _bकॉन्टिनेन्टल प्रकाशन
_c1989
300 _a279
630 _a श्री समर्थ चरित्र
700 _aअकोलकर ग. वि.
730 _a श्री समर्थ चरित्र
942 _cBOOK
999 _c100428
_d100428